Ensayo de un diccionario de la literatura : tomo 1 :
Guardado en:
| Autor Principal: | |
|---|---|
| Formato: | Libro |
| Publicado: |
Madrid :
Aguilar,
1965
|
| Edición: | 3a. ed. |
| Materias: | |
| Etiquetas: |
Agregar Etiqueta
Sin Etiquetas, Sea el primero en etiquetar este registro!
|
| LEADER | 00685nam a22002055a 4500 | ||
|---|---|---|---|
| 001 | CEM.cems013261 | ||
| 005 | 20100219092048.0 | ||
| 008 | 130507s1965##################000#0#####d | ||
| 003 | CEMS | ||
| 082 | 0 | 4 | |a C803 |
| 100 | 1 | |a Sainz de Robles, Federico Carlos | |
| 245 | 1 | 0 | |a Ensayo de un diccionario de la literatura : |b tomo 1 : |c Federico Carlos Sainz de Robles |
| 250 | |a 3a. ed. | ||
| 260 | |a Madrid : |b Aguilar, |c 1965 | ||
| 300 | |a 1216 p. | ||
| 653 | |a Diccionarios | ||
| 653 | |a Diccionario de literatura | ||
| 653 | |a Literatura-diccionario | ||
| 859 | |a CEMS |b BIB. CEMS - 11 de abril |h C803 |i Sa21a3 |p 1643.74 |t Ej.2 |v I |3 I | ||
| 859 | |a CEMS |b BIB. CEMS - 11 de abril |h C803 |i Sa21a3 |p 305.73 |t Ej.1 |v I |3 I | ||
